000 01035nam2a22002291 4500
001 rc\572481
005 20260406085830.0
035 _a(NLR Aleph) 005946670
090 _a6735951
_c6735951
100 _a20031121d1987 |||y0rusy50 ca
101 0 _arus
102 _aRU
105 _ay |||||||||
200 1 _aСудьбы генов и судьбы людей
_fГолубовский М.Д.
461 0 _1001rc\572478
_12001#$aРассказы сибирских ученых$e[Для ст. школьников и юношества]$e3 бр. в обертке$v[3]
_97815991
_cНовосибирск
_d1987
_nКн. изд-во
_o[Для ст. школьников и юношества] : 3 бр. в обертке
_tРассказы сибирских ученых
_v[3]
701 1 _7ca
_8rus
_aГолубовский
_bМ. Д.
_f1939-
_gМихаил Давидович
_92652383
_3RU\NLR\AUTH\770280416
801 0 _aRU
_bNLR
_gpsbo
801 1 _aRU
_bELAR
_2rusmarc
852 _aNLR
_j87-2/3332
942 _cBOOK
980 _aNB